000 00931nam a22002897a 4500
003 CHAP
005 20220329134900.0
008 971013s1982 r 10010 d
010 _a27453
011 _a28425
035 _a32529
040 _cCHAP
082 _a632.58
_bC6 1982
111 0 0 _aCongreso Nacional de la Ciencia de la Maleza (
_n3
_d: 1982
_c: Saltillo, Coah.)
_927038
245 _aMemoria
260 _a(Saltillo, Coah.) :
_bUniversidad Autónoma Agraria Antonio Narro,
_c1982
300 _a326 p.
590 _aBATCH-UPD
_b10
_c20130110
_lUCH01
_h1308
590 _aBATCH-UPD
_b10
_c20130410
_lUCH01
_h0823
590 _aBATCH-UPD
_b10
_c20130914
_lUCH01
_h1741
590 _aCONVERSION
_b10
_c20130109
_lUCH01
_h1316
650 1 4 _aMalas hierbas
_xCongresos.
_970010
650 1 4 _aMalas hierbas
_xMéxico.
_970025
901 _aBK
942 _cLIBRO
949 _a632.58 C6 1982
_bBC
_cCONG
_d-75818
_eCONG
_h69236
_i32529
_si
999 _c27453
_d27453